Hoofdsteden - Tegelquiz - Statistieken

Algemene statistieken
  • Deze quiz is 70 keer genomen
    30 sinds de laatste reset
  • De gemiddelde score is 114 van 140
Antwoordstatistieken
Vraag Vak Select % Correct
Europa Aarhus Nee
100%
Europa Bergen Nee
100%
Europa Gdansk Nee
100%
Europa Novi Sad Nee
100%
Europa Athene Ja
96%
Noord-Amerika Bayamo Nee
96%
Europa Berlijn Ja
96%
Europa Boedapest Ja
96%
Europa Brussel Ja
96%
Noord-Amerika Cancun Nee
96%
Noord-Amerika Leon Nee
96%
Europa Lissabon Ja
96%
Noord-Amerika Los Angeles Nee
96%
Europa Malmo Nee
96%
Noord-Amerika Monterrey Nee
96%
Noord-Amerika Montreal Nee
96%
Noord-Amerika New York Nee
96%
Europa Odessa Nee
96%
Europa Parijs Ja
96%
Europa Praag Ja
96%
Europa Rotterdam Nee
96%
Europa Sint-Petersburg Nee
96%
Noord-Amerika Toronto Nee
96%
Europa Barcelona Nee
93%
Zuid-Amerika Calama Nee
93%
Zuid-Amerika Cochabamba Nee
93%
Zuid-Amerika Cordoba Nee
93%
Zuid-Amerika Curitiba Nee
93%
Zuid-Amerika Cuzco Nee
93%
Europa Dublin Ja
93%
Noord-Amerika Guadalajara Nee
93%
Zuid-Amerika Guayaquil Nee
93%
Zuid-Amerika Manaus Nee
93%
Zuid-Amerika Maracaibo Nee
93%
Noord-Amerika Mexico Stad Ja
93%
Europa Milaan Nee
93%
Noord-Amerika Ottawa Ja
93%
Europa Riga Ja
93%
Europa Salzburg Nee
93%
Europa Tallinn Ja
93%
Noord-Amerika Washington D.C. Ja
93%
Europa Bern Ja
89%
Zuid-Amerika Brasilia Ja
89%
Zuid-Amerika Buenos Aires Ja
89%
Azië Busan Nee
89%
Azië Calcutta Nee
89%
Afrika Durban Nee
89%
Noord-Amerika Guatemala Stad Ja
89%
Azië Incheon Nee
89%
Afrika Mekele Nee
89%
Azië Osaka Nee
89%
Noord-Amerika Panama Stad Ja
89%
Zuid-Amerika Paramaribo Ja
89%
Noord-Amerika San Salvador Ja
89%
Oceanië Sola Nee
89%
Azië Bangkok Ja
86%
Europa Belfast Nee
86%
Azië Chittagong Nee
86%
Noord-Amerika Havana Ja
86%
Afrika Kano Nee
86%
Oceanië Lakina Nee
86%
Afrika Lubumbashi Nee
86%
Zuid-Amerika Medelin Nee
86%
Europa Minsk Ja
86%
Zuid-Amerika Santa Cruz Nee
86%
Zuid-Amerika Sao Paulo Nee
86%
Oceanië Sydney Nee
86%
Azië Tainan Nee
86%
Azië Teheran Ja
86%
Azië Tokio Ja
86%
Europa Zagreb Ja
86%
Afrika Alexandria Nee
82%
Azië Ankara Ja
82%
Azië Karachi Nee
82%
Noord-Amerika Kingston Ja
82%
Afrika Kinshasa Ja
82%
Oceanië Lautoka Nee
82%
Afrika Marakesh Nee
82%
Afrika Mombassa Nee
82%
Zuid-Amerika Montevideo Ja
82%
Oceanië Nadi Nee
82%
Afrika Nairobi Ja
82%
Afrika Rabat Ja
82%
Zuid-Amerika Santa Fe Nee
82%
Azië Shanghai Nee
82%
Afrika Tunis Ja
82%
Oceanië Canberra Ja
79%
Zuid-Amerika Cayenne Nee
79%
Azië Damascus Ja
79%
Azië Lahore Nee
79%
Zuid-Amerika La Paz Ja
79%
Zuid-Amerika Lima Ja
79%
Noord-Amerika Santiago Nee
79%
Zuid-Amerika Santiago Ja
79%
Oceanië Auckland Nee
75%
Zuid-Amerika Bogota Ja
75%
Afrika Brazzaville Ja
75%
Afrika Dakar Ja
75%
Afrika Douala Nee
75%
Azië Hanoi Ja
75%
Azië Ho Chi Minh Nee
75%
Azië Jerusalem Ja
75%
Afrika Kampala Ja
75%
Azië Mumbai Nee
75%
Zuid-Amerika Quito Ja
75%
Noord-Amerika Santo Domingo Ja
75%
Oceanië Sibu Nee
75%
Oceanië Wellington Ja
75%
Afrika Antananarivo Ja
71%
Zuid-Amerika Caracas Ja
71%
Zuid-Amerika Georgetown Ja
71%
Azië Manila Ja
71%
Noord-Amerika Nassau Ja
71%
Afrika Ouagadougou Ja
71%
Afrika Abidjan Nee
68%
Zuid-Amerika Asuncion Ja
68%
Afrika Dar es Salaam Nee
68%
Oceanië Suva Ja
68%
Azië Amman Ja
64%
Noord-Amerika Belize Stad Nee
64%
Azië Bisjkek Ja
64%
Afrika Khartoem Ja
64%
Afrika Kigali Ja
64%
Afrika Lagos Nee
64%
Oceanië Port-Villa Ja
64%
Noord-Amerika San Juan Nee
64%
Azië Tashkent Ja
64%
Afrika Windhoek Ja
64%
Oceanië Honiara Ja
61%
Afrika Johannesburg Nee
61%
Noord-Amerika Managua Ja
61%
Noord-Amerika Tegucigalpa Ja
61%
Oceanië Funafuti Ja
57%
Oceanië Nuku'alofa Ja
57%
Noord-Amerika Belmopan Ja
54%
Afrika Dodoma Ja
54%
Oceanië Yaren Ja
54%
Azië Colombo Nee
43%
Azië Nur-Sultan Ja
21%
Azië Nusantara Ja
0%
Geen overeenkomende quizzen gevonden
Scoreverdeling
Procent van Mensen met Elke Score
Percentiel versus Aantal Correcte Antwoorden
Uw Scoregeschiedenis
U heeft deze quiz nog niet genomen sinds de laatste reset